00994cam a22003138a 450000100090000000300040000900500170001300800410003001000170007102000180008803500200010604000180012604200080014406000110015208200190016310000270018224500480020925000610025726000340031826300090035230000140036149000170037550000920039250400510048465000230053565000430055870000610060183000180066217140072OSt20150408114220.0120118s2013 stk f b 001 0 eng  a 2012002197 a9780723436294 a(DNLM)101576470 aDNLM/DLCcDLC apcc10aWJ 14000a616.61 JTR2231 aJones, Timothy,d1987-10aRenal and urinary systems /cTimothy Jones. a4th ed. /bTimothy Jones ; faculty advisor Kevin Harris. aEdinburgh :bElsevier,c2013. a1207 ap. ;ccm.1 aCrash course aRev. ed. of: Renal and urinary systems. 3rd ed. / Robert Thomas, Bethany Stanley. 2007. aIncludes bibliographical references and index.12aUrologic Diseases.22aUrinary Tract Physiological Phenomena.1 aThomas, Robertq(Robert H.).tRenal and urinary systems. 0aCrash course.